Statistiques concernant Joueurs suisses ayant remporté la Bundesliga

Cliquez ici pour prendre le quiz!

Statistiques générales

  • Ce quiz a été pris 20 fois
  • Le résultat moyen est 6 sur 13

Statistiques - réponses

SaisonClubJoueur% Correct
23/24Bayer LeverkusenGranit Xhaka
100%
12/13Bayern MunichXherdan Shaqiri
82%
13/14Bayern MunichXherdan Shaqiri
82%
14/15Bayern MunichXherdan Shaqiri
82%
22/23Bayern MunichYann Sommer
71%
94/95Borussia DortmundStéphane Chapuisat
47%
95/96Borussia DortmundStéphane Chapuisat
47%
08/09WolfsburgDiego Benaglio
24%
03/04Werder BrêmeLudovic Magnin
18%
06/07StuttgartLudovic Magnin
18%
97/98KaiserslauternCiriaco Sforza
12%
00/01Bayern MunichCiriaco Sforza
12%
06/07StuttgartMarco Streller
12%

Distribution des résultats

Percentile par nombre de réponses

% des personnes avec chaque résultat

Votre développement - résultats

Vous n’avez pas pris ce quiz